Regional planning: a case study of Marathwada region (Record no. 19025)
[ view plain ]
| 000 -LEADER | |
|---|---|
| fixed length control field | 00647nam a2200181Ia 4500 |
| 082 ## - DEWEY DECIMAL CLASSIFICATION NUMBER | |
| Classification number | 338.1095479 BRA-; |
| 100 ## - MAIN ENTRY--AUTHOR NAME | |
| Personal name | Brahme, Sulabha |
| 245 #0 - TITLE STATEMENT | |
| Title | Regional planning: a case study of Marathwada region |
| 260 ## - PUBLICATION, DISTRIBUTION, ETC. (IMPRINT) | |
| Place of publication | Poona |
| Name of publisher | Gokhale Institute of Politics and Economics |
| Year of publication | 1975 |
| 300 ## - PHYSICAL DESCRIPTION | |
| Number of Pages | 187p. |
| 650 ## - SUBJECT ADDED ENTRY--TOPICAL TERM | |
| Topical Term | Urbanization - Marathwada region (Maharashtra) |
| 650 ## - SUBJECT ADDED ENTRY--TOPICAL TERM | |
| Topical Term | Agricultural productivity - Marathwada region (Maharashtra) |
| 650 ## - SUBJECT ADDED ENTRY--TOPICAL TERM | |
| Topical Term | Agriculture - Economic aspects - Marathwada region (Maharashtra) |
| 650 ## - SUBJECT ADDED ENTRY--TOPICAL TERM | |
| Topical Term | Regional planning - Marathwada region (Maharashtara) |
| 700 ## - ADDED ENTRY--PERSONAL NAME | |
| Personal name | Pore,S.H. |
| 700 ## - ADDED ENTRY--PERSONAL NAME | |
| Personal name | Pore, Kumud |
| 942 ## - ADDED ENTRY ELEMENTS (KOHA) | |
| Koha item type | Books |
| Withdrawn status | Lost status | Damaged status | Not for loan | Home library | Current library | Date acquired | Full call number | Accession Number | Price effective from | Koha item type |
|---|---|---|---|---|---|---|---|---|---|---|
| NASSDOC Library | NASSDOC Library | 08/06/2004 | 338.1095479 BRA-; | 8349 | 18/04/2019 | Books |
